[Event "GER-chT U12"]
[Site "Verden"]
[Date "2014.12.30"]
[Round "7.4"]
[White "Breitzmann, Thorge"]
[Black "Schlosser, Justin"]
[Result "0-1"]
[WhiteElo "1230"]
[BlackElo "1360"]
[PlyCount "48"]
[EventDate "2014.12.27"]
[EventType "team-swiss"]
[EventRounds "7"]
[EventCountry "GER"]
[SourceTitle "EXT 2016"]
[Source "ChessBase"]
[SourceDate "2015.10.08"]
[SourceVersion "1"]
[SourceVersionDate "2015.10.08"]
[SourceQuality "1"]
[WhiteTeam "Berlin Empor"]
[BlackTeam "Halle Reideburg"]
[WhiteTeamCountry "GER"]
[BlackTeamCountry "GER"]

1. d4 d5 2. Nf3 Nc6 3. c4 dxc4 4. e3 Nf6 5. Bxc4 Bf5 6. 0-0 e6 7. Nc3 a6 8. Re1 Bd6 9. e4 b5 10. exf5 bxc4 11. Bg5 0-0 12. d5 exd5 13. Nxd5 Nb4 14. Nxf6+ gxf6 15. Bh6 Re8 16. a3 Nd3 17. Rxe8+ Qxe8 18. Nd4 Qe4 19. f4 Qxd4+ 20. Kh1 Nf2+ 21. Kg1 Nxd1+ 22. Kh1 Nf2+ 23. Kg1 Nh3+ 24. Kf1 Qf2# 0-1

[Event "GER-ch U25 op-B"]
[Site "Oberhof"]
[Date "2013.05.24"]
[Round "8"]
[White "Breitzmann, Malte"]
[Black "Breitzmann, Thorge"]
[Result "0-1"]
[WhiteElo "886"]
[BlackElo "1000"]
[PlyCount "56"]
[EventDate "2013.05.19"]
[EventType "swiss"]
[EventRounds "9"]
[EventCountry "GER"]
[SourceTitle "CBM 154 Extra"]
[Source "ChessBase"]
[SourceDate "2013.06.25"]
[SourceVersion "2"]
[SourceVersionDate "2013.06.25"]
[SourceQuality "1"]

1. e4 e5 2. Nf3 Nc6 3. Bc4 Bc5 4. c3 Nf6 5. d3 d6 6. Bb3 Be6 7. Bc2 Qd7 8. Nbd2 a6 9. Nf1 Ba7 10. Be3 Bxe3 11. Nxe3 Ng4 12. h3 Nxe3 13. fxe3 0-0-0 14. d4 exd4 15. exd4 d5 16. Qe2 Rhe8 17. 0-0-0 dxe4 18. Ne5 Nxe5 19. dxe5 Qe7 20. Bxe4 Qg5+ 21. Kb1 Rxd1+ 22. Rxd1 Bf5 23. Bxf5+ Qxf5+ 24. Ka1 Rxe5 25. Qd2 Kb8 26. Qd8+ Qc8 27. Qxc8+ Kxc8 28. Rd2 Re1+ 0-1

[Event "GER-ch U25 op-B"]
[Site "Oberhof"]
[Date "2013.05.23"]
[Round "7"]
[White "Breitzmann, Thorge"]
[Black "Schulze, Lukas"]
[Result "0-1"]
[WhiteElo "1000"]
[BlackElo "858"]
[PlyCount "64"]
[EventDate "2013.05.19"]
[EventType "swiss"]
[EventRounds "9"]
[EventCountry "GER"]
[SourceTitle "CBM 154 Extra"]
[Source "ChessBase"]
[SourceDate "2013.06.25"]
[SourceVersion "2"]
[SourceVersionDate "2013.06.25"]
[SourceQuality "1"]

1. d4 Nf6 2. c4 e6 3. Nf3 c5 4. Bg5 b6 5. Nc3 Nc6 6. e4 Ba6 7. Be2 Na5 8. b3 h6 9. Bh4 cxd4 10. Qxd4 Nc6 11. Qe3 Nb4 12. Rc1 Bd6 13. e5 Bc5 14. Qf4 g5 15. Nxg5 Qc7 16. Qxf6 Rf8 17. Nh7 Rg8 18. a3 Nc6 19. b4 Be7 20. Qxh6 Qxe5 21. Bxe7 Nxe7 22. Nf6+ Kd8 23. Nxg8 Nxg8 24. Qf8+ Kc7 25. Qxa8 Ne7 26. Qxa7+ Kd8 27. Qxb6+ Ke8 28. Qxa6 Nc6 29. 0-0 Nd4 30. Qa8+ Ke7 31. Rfe1 Nb3 32. Bd1 Qxe1# 0-1